000 00691nam a2200265 a 4500
003 AR-BaBNM
005 20251128203704.0
008 082120s2002 ||||||||||||||000 | spa||
040 _cAR-BaBNM
100 1 _aGogol, Nikolai Vasilievich
245 0 0 _aTaras Bulba
260 _aMadrid
_bAguilar
_c1961
300 _a110 p.
490 0 _aEl globo de colores
650 4 _aLITERATURA INFANTIL
650 4 _aLITERATURA RUSA
650 4 _aCUENTOS DE AVENTURAS
650 4 _aCOSTUMBRES Y TRADICIONES
653 _aLITERATURA EPICA
655 _aLITERATURA
700 1 _aVelloso, José Miguel
_etraductor
700 1 _aSantonja, Eduardo
_eilustrador
942 _cBK
998 _cLAURA
999 _c4498
_d4498